'OK, OK! I'm Really Not…' Quiz Stats

 Plays Quiz Updated Jan 17, 2016

Also try: Isn't It Ironic?
Challenge
Share
Tweet
Embed
Score 0/15 Timer 05:00
0 Plays Today
% Correct
Offer
96.6%
King
95%
Believer
91.1%
Ordinary
88.1%
Doctor
88.1%
Greatest
87.7%
Lark
86.3%
Little
85.7%
% Correct
Rock
85.5%
Nightmare
82.6%
Hell
78.3%
Spartacus
76.7%
Walrus
75.3%
Man
67.6%
Duderino
59%

You're not logged in!

Compare scores with friends on all Sporcle quizzes.
Join for Free
OR
Log In

You Might Also Like...

Show Comments

Extras

Top Quizzes Today


Score Distribution

Your Account Isn't Verified!

In order to create a playlist on Sporcle, you need to verify the email address you used during registration. Go to your Sporcle Settings to finish the process.

Report this User

Report this user for behavior that violates our Community Guidelines.

Details: